[Event "Hoogovens-B"]
[Site "Wijk aan Zee"]
[Date "1991.??.??"]
[Round "2"]
[White "Finegold, Benjamin"]
[Black "Martens, Martin"]
[Result "1/2-1/2"]
[WhiteElo "2460"]
[BlackElo "2315"]

1.d4 Nf6 2.c4 e6 3.Nc3 Bb4 4.Qc2 O-O 5.Bg5 c5 6.e3 h6 7.Bh4 cxd4 8.exd4 Nc6
9.Nf3 Be7 10.Rd1 d5 11.a3 b6 12.Bd3 Bb7 13.O-O dxc4 14.Bxc4 Na5 15.Ba2 Rc8
16.Qe2 Re8 17.Ne5 Nd5 18.Qh5 Rf8 19.Bxd5 Bxd5 20.Bxe7 Qxe7 21.Nxd5 exd5 22.Rfe1 Qd6
23.Rd3 Rc7 24.Rg3 Re7 25.h3 Nc6 26.Ree3 Nxd4 27.f4 Nc6 28.Ng4 Kh7 29.Rd3 d4
30.f5 Re1+ 31.Kh2 Ne5 32.f6 Nxg4+ 33.Qxg4 g6 34.Qxd4 Qxd4 35.Rxd4 Re6 36.Rf3 g5
37.Rd7 a6 38.a4 Kg6 39.h4 Rc8 40.h5+ Kxh5 41.Rxf7 g4 42.Rf2 Rg8 43.Rg7 Rxf6
44.Rxf6 Rxg7 45.Rxb6 Ra7 46.b4 Kg5 47.Rc6 Rb7 48.Rc5+ Kf4 49.Rc4+ Kg5 50.Kg3 h5
51.Rc5+ Kg6 52.b5 axb5 53.axb5 Rd7 54.b6 Rd3+ 55.Kh4 Rb3 56.Rc6+ Kf5 57.Rh6 Rb2
58.Rc6 Rb1 59.Rc5+ Kg6 60.Rg5+ Kh6 61.Rxh5+ Kg6 62.Rg5+ Kh6  1/2-1/2

[Event "Hoogovens-B"]
[Site "Wijk aan Zee"]
[Date "1991.??.??"]
[Round "4"]
[White "Finegold, Benjamin"]
[Black "Frias, Victor J"]
[Result "1/2-1/2"]
[WhiteElo "2460"]
[BlackElo "2520"]

1.d4 Nf6 2.c4 g6 3.Nc3 Bg7 4.e4 d6 5.Nf3 O-O 6.h3 c5 7.d5 e6 8.Bd3 exd5 9.exd5 Qe7+
10.Be3 Bh6 11.O-O Bxe3 12.Re1 Bxf2+ 13.Kxf2 Qd8 14.Qd2 Nbd7 15.Kg1 Ne8 16.Qh6 Qf6
17.Re3 b6 18.Rae1 Ba6 19.Ng5 Qg7 20.Nxf7 Rxf7 21.Rxe8+ Rxe8 22.Rxe8+ Rf8
23.Qxg7+ Kxg7 24.Rxf8 Kxf8 25.Be2 Ke7 26.b3 Ne5 27.Kf2 Bc8 28.Ke3 g5 29.Ne4 h6
30.g4 Ng6 31.Bd3 Nf4 32.Ng3 Bd7 33.Bf5 Be8 34.Be4 Bd7 35.Bf5  1/2-1/2

[Event "Hoogovens-B"]
[Site "Wijk aan Zee"]
[Date "1991.??.??"]
[Round "10"]
[White "Finegold, Benjamin"]
[Black "Tukmakov, Vladimir B"]
[Result "1/2-1/2"]
[WhiteElo "2460"]
[BlackElo "2520"]

1.d4 e6 2.e4 d5 3.exd5 exd5 4.Bd3 Qf6 5.c3 c6 6.Qf3 Bd6 7.Qxf6 Nxf6 8.Ne2 O-O
9.Bf4 Bxf4 10.Nxf4 Re8+ 11.Ne2 b6 12.f3 Ba6 13.Kd2 Bxd3 14.Kxd3 Nbd7 15.Na3 Re7
16.Rae1 Rae8 17.Nc2 Kf8  1/2-1/2

[Event "Cappelle op"]
[Site "Cappelle la Grande"]
[Date "1992.??.??"]
[Round "1"]
[White "Finegold, Benjamin"]
[Black "Andersen, Ib"]
[Result "1-0"]
[WhiteElo "2465"]
[BlackElo "2230"]

1.d4 d5 2.c4 e6 3.Nc3 c5 4.e3 Nf6 5.Nf3 Nc6 6.a3 cxd4 7.exd4 dxc4 8.Bxc4 Be7
9.O-O O-O 10.Re1 a6 11.Ba2 b5 12.d5 exd5 13.Nxd5 Nxd5 14.Qxd5 Bb7 15.Qh5 Qd6
16.Bg5 Rad8 17.Bxe7 Nxe7 18.Ng5 Qg6 19.Qxh7+ Qxh7 20.Nxh7 Rfe8 21.Ng5 Bd5
22.Bxd5 Nxd5 23.Kf1 f6 24.Ne6 Rc8 25.Rad1 Nb6 26.b3 a5 27.Rd6 Rb8 28.Rc6 Re7
29.Nd4 Nd5 30.Rxe7 Nxe7 31.Rc5 a4 32.b4  1-0

[Event "Cappelle op"]
[Site "Cappelle la Grande"]
[Date "1992.??.??"]
[Round "2"]
[White "Dochev, Dimitar"]
[Black "Finegold, Benjamin"]
[Result "0-1"]
[WhiteElo "2285"]
[BlackElo "2465"]

1.e4 c5 2.Nf3 Nc6 3.d4 cxd4 4.Nxd4 g6 5.c4 Nf6 6.Nc3 Nxd4 7.Qxd4 d6 8.Be3 Bg7
9.Be2 O-O 10.Qd2 a5 11.f3 a4 12.Rc1 Bd7 13.Nd5 Nxd5 14.cxd5 e6 15.dxe6 Bxe6
16.Bc4 Qf6 17.b3 b5 18.Bxb5 axb3 19.axb3 Bxb3 20.O-O Ra2 21.Qd3 Be6 22.Rf2 Rxf2
23.Bxf2 Qb2 24.Rb1 Qa2 25.Qd1 Be5 26.Bg3 Rc8 27.Bxe5 dxe5 28.Rc1 Rb8 29.Bf1 Qa3
30.Kh1 Kg7 31.Bc4 Rd8 32.Qg1 Bxc4 33.Rxc4 Rd2 34.Rc1 Qd3 35.h3 h5 36.Qc5 Qd4
37.Qc7 h4 38.Rg1 Kf6 39.Rf1 Qd3 40.Rg1 Qd6 41.Qc3 Rd3 42.Qc8 Kg7 43.Qg4 Qd8
44.Rc1 Rd4 45.Qc8 Qg5 46.Qc5 Rd2 47.Rg1 Qf4 48.Qe7 Rd3 49.Rf1 g5 50.Re1 Qg3
51.Rg1 Rxf3 52.Qc5 Re3 53.Qc4 Rc3 54.Qd5 Qf4 55.Re1 g4 56.hxg4 h3 57.Qa2 hxg2+
58.Qxg2 Rg3 59.Rf1 Qh6+  0-1

[Event "Cappelle op"]
[Site "Cappelle la Grande"]
[Date "1992.??.??"]
[Round "3"]
[White "Finegold, Benjamin"]
[Black "Brustman, Agnieszka"]
[Result "1-0"]
[WhiteElo "2465"]
[BlackElo "2325"]

1.d4 Nf6 2.c4 g6 3.Nc3 Bg7 4.e4 d6 5.Be2 O-O 6.Nf3 e5 7.O-O Nc6 8.d5 Ne7
9.b4 Nd7 10.Be3 f5 11.Ng5 Nf6 12.f3 Bh6 13.Bd2 Bxg5 14.Bxg5 f4 15.c5 Kg7
16.Rc1 Bd7 17.a4 h6 18.Bh4 g5 19.Bf2 h5 20.Nb5 Bxb5 21.Bxb5 Ng6 22.Rc3 Rf7
23.Qc2 g4 24.cxd6 cxd6 25.Rc1 a6 26.Bf1 Ne8 27.Rc8 Rxc8 28.Qxc8 Qe7 29.fxg4 hxg4
30.Qxg4 Nf6 31.Qf3 Nh7 32.Bd3 Qd7 33.b5 Ng5 34.Qh5 Rf6 35.h4 Nh3+ 36.gxh3 Qxh3
37.Bf1  1-0

[Event "Cappelle op"]
[Site "Cappelle la Grande"]
[Date "1992.??.??"]
[Round "4"]
[White "Georgiev, Krum"]
[Black "Finegold, Benjamin"]
[Result "1/2-1/2"]
[WhiteElo "2505"]
[BlackElo "2465"]

1.e4 e5 2.Nf3 Nc6 3.Bb5 Nf6 4.O-O Bc5 5.c3 O-O 6.d4 Bb6 7.Bg5 a6 8.Ba4 d6
9.Bxc6 bxc6 10.dxe5 dxe5 11.Qxd8 Rxd8 12.Re1 Re8 13.Bxf6 gxf6  1/2-1/2

[Event "Cappelle op"]
[Site "Cappelle la Grande"]
[Date "1992.??.??"]
[Round "7"]
[White "Cerisier, Philippe"]
[Black "Finegold, Benjamin"]
[Result "0-1"]
[WhiteElo "2330"]
[BlackElo "2465"]

1.c4 b6 2.Nf3 Bb7 3.g3 c5 4.Bg2 g6 5.O-O Bg7 6.Nc3 Nf6 7.d4 cxd4 8.Qxd4 O-O
9.Qh4 d6 10.Bh6 Nbd7 11.Rac1 Rc8 12.b3 Rc5 13.Bxg7 Kxg7 14.Qd4 Qa8 15.Ne1 Ne5
16.Bxb7 Qxb7 17.Ng2 a6 18.a4 Qd7 19.Rcd1 Rfc8 20.Ne3 Nc6 21.Qd2 Rh5 22.f3 Na5
23.Rb1 e6 24.g4 Rhc5 25.Rfd1 Rd8 26.Qd4 Nc6 27.Qf4 e5 28.Qg5 h6 29.Qh4 Nd4
30.Kf2 Qe7 31.Qg3 b5 32.b4 Rcc8 33.Ned5 Qa7 34.e3 Nc2 35.Rb2 Nxd5 36.Nxd5 Rxc4
37.a5 Rc3 38.f4 Rc4 39.fxe5 Qb8 40.Rd2 dxe5 41.Qf3 Qd6 42.Rbxc2 e4 43.Qd1 Qxh2+
44.Ke1 Qg1+ 45.Ke2 Qxg4+ 46.Ke1 Qh4+ 47.Kf1 Rxd5 48.Rxd5 Qh1+  0-1

[Event "USA-op"]
[Site "Dearborn"]
[Date "1992.??.??"]
[Round "7"]
[White "Johnstone, Glenn"]
[Black "Finegold, Benjamin"]
[Result "1/2-1/2"]
[WhiteElo "2300"]
[BlackElo "2490"]

1.e4 e5 2.Nf3 Nc6 3.Bc4 Nf6 4.Ng5 Bc5 5.Nxf7 Bxf2+ 6.Kxf2 Nxe4+ 7.Ke3 Qh4
8.g3 Nxg3 9.hxg3 Qd4+ 10.Kf3 d5 11.Rh4 e4+ 12.Kg2 O-O 13.Qh5 Rxf7 14.Bxd5  1/2-1/2

[Event "USA-op"]
[Site "Dearborn"]
[Date "1992.??.??"]
[Round "8"]
[White "Finegold, Benjamin"]
[Black "Olesen, Martin"]
[Result "1-0"]
[WhiteElo "2490"]
[BlackElo "2375"]

1.d4 Nf6 2.c4 g6 3.Nc3 Bg7 4.Nf3 O-O 5.Bf4 d6 6.e3 Nbd7 7.Be2 c6 8.h3 a6
9.O-O b5 10.b3 bxc4 11.bxc4 c5 12.Rc1 cxd4 13.exd4 Bb7 14.Re1 Ne4 15.Nxe4 Bxe4
16.Qd2 Nf6 17.Bd1 Rc8 18.c5 dxc5 19.dxc5 Qxd2 20.Nxd2 Bd5 21.Rxe7 Bxa2 22.Ra7 Nd5
23.Bd6 Rfe8 24.Bg4 f5 25.Bf3 Bh6 26.Rc2 Nb4 27.Rb2 Bxd2 28.Rxd2 Bf7 29.Kh2 Red8
30.Re2 Re8 31.Rxe8+ Rxe8 32.c6 Nd5 33.Rxf7  1-0

[Event "USA-op"]
[Site "Dearborn"]
[Date "1992.??.??"]
[Round "9"]
[White "Strauss, David J"]
[Black "Finegold, Benjamin"]
[Result "1/2-1/2"]
[WhiteElo "2395"]
[BlackElo "2490"]

1.Nf3 Nf6 2.c4 c6 3.d4 d5 4.Nc3 dxc4 5.a4 Bf5 6.e3 e6 7.Bxc4 Bb4 8.O-O Nbd7
9.Qb3 a5 10.Nh4 O-O 11.Nxf5 exf5 12.Bd2 Nb6 13.Be2 Qd7  1/2-1/2

[Event "Groningen op"]
[Site "Groningen"]
[Date "1992.??.??"]
[Round "5"]
[White "Krudde, Fitzgerald"]
[Black "Finegold, Benjamin"]
[Result "0-1"]
[WhiteElo "2235"]
[BlackElo "2490"]

1.d4 d5 2.c4 Nc6 3.Nf3 Bg4 4.Nc3 Bxf3 5.gxf3 e6 6.e3 Nf6 7.f4 Bb4 8.Bd2 O-O
9.Qf3 Bxc3 10.Bxc3 Ne4 11.Bd3 f5 12.Bxe4 fxe4 13.Qg4 Rf6 14.h4 dxc4 15.h5 Qd5
16.Rg1 Rf7 17.a4 a5 18.f3 Nb4 19.Ke2 Nd3 20.Raf1 Raf8 21.Qg2 Qxh5 22.Rh1 exf3+
23.Rxf3 Qd5 24.Rg3 Kh8 25.Kd2 Nf2 26.Rxh7+ Kxh7 27.Qxf2 Qe4 28.Qh2+ Kg8 29.d5 Rd8
30.Rh3 Rxd5+ 31.Kc1 Rfd7 32.Bd4 Rd8 33.Rh8+ Kf7 34.Rxd8 Rxd8 35.Qh5+ Kg8
36.Qg4 Rxd4 37.exd4 Kf8 38.Qh4 Qxd4 39.Qh8+ Ke7 40.Qh4+  0-1

[Event "New York op"]
[Site "New York"]
[Date "1992.??.??"]
[Round "3"]
[White "Berube, Richard"]
[Black "Finegold, Benjamin"]
[Result "0-1"]
[WhiteElo "2320"]
[BlackElo "2465"]

1.d4 d5 2.c4 Nc6 3.cxd5 Qxd5 4.Nf3 e5 5.Nc3 Bb4 6.e3 exd4 7.exd4 Nf6 8.a3 Bxc3+
9.bxc3 O-O 10.Be2 Ne4 11.Bb2 Nd6 12.O-O Bg4 13.h3 Bh5 14.Qa4 Rfe8 15.c4 Qe6
16.Rfe1 Bxf3 17.Bxf3 Qxc4 18.Bxc6 bxc6 19.Qa5 Qc2 20.Qxc7 Ne4 21.f3 Qxb2
22.fxe4 Qxd4+ 23.Kh1 Rac8 24.Qf4 c5 25.Rad1 Qa4 26.Qf3 c4 27.Rc1 Qc6 28.Rc3 Re5
29.Qf4 Rce8 30.Rec1 Rc5 31.Rb1 g5 32.Qf2 Qxe4 33.Rf1 Rc7 34.Rf3 Ree7 35.Qd2 h6
36.Qd8+ Kg7 37.Qd6 Rc6 38.Qb4 f6 39.Qc3 Qe5 40.Qb4 c3 41.Rf5 Qe4 42.Qb5 c2
43.Rc5 Rec7 44.Rxc6 Qxc6 45.Qxc6 Rxc6 46.Rc1 f5 47.Kg1 Kf6 48.Kf2 Ke5 49.Ke2 Kd4
50.Kd2 Rc3  0-1

[Event "New York op"]
[Site "New York"]
[Date "1992.??.??"]
[Round "4"]
[White "Finegold, Benjamin"]
[Black "Dzindzichashvili, Roman"]
[Result "0-1"]
[WhiteElo "2465"]
[BlackElo "2560"]

1.d4 g6 2.c4 Bg7 3.e4 Nc6 4.Nf3 e5 5.d5 Nd4 6.Nc3 d6 7.Nxd4 exd4 8.Nb5 Qe7
9.Bd3 c6 10.Na3 Nf6 11.O-O O-O 12.Bg5 h6 13.Bh4 g5 14.Bg3 Ng4 15.Nc2 c5 16.b4 b6
17.a4 Ne5 18.a5 Bg4 19.f3 Bd7 20.b5 Ng6 21.Ra3 h5 22.Qa1 h4 23.Be1 Rae8 24.Bd2 Be5
25.axb6 axb6 26.Ra7 Bf4 27.Bxf4 Nxf4 28.Ne1 f5 29.Qb1 fxe4 30.Bxe4 Ne2+ 31.Kh1 Nc3
32.Qd3 Nxe4 33.fxe4 Qxe4 34.Rxf8+ Rxf8 35.Ra1 Bh3 36.Kg1 Bxg2 37.Qxe4 Bxe4
38.Ra6 g4 39.Ng2 Bxg2 40.Kxg2 d3  0-1

[Event "New York op"]
[Site "New York"]
[Date "1992.??.??"]
[Round "5"]
[White "Conover, Wayne"]
[Black "Finegold, Benjamin"]
[Result "0-1"]
[WhiteElo "2310"]
[BlackElo "2465"]

1.d4 d5 2.c4 Nc6 3.Nf3 Bg4 4.e3 e5 5.dxe5 dxc4 6.Qxd8+ Rxd8 7.Bxc4 Nxe5 8.Be2 Nd3+
9.Bxd3 Rxd3 10.Ke2 Rd8 11.Rd1 Rxd1 12.Kxd1 Nf6 13.Nc3 Bd6 14.h3 Bxf3+ 15.gxf3 Ke7
16.Bd2 Rd8 17.Ke2 a6 18.Rg1 g6 19.Ne4 Nxe4 20.fxe4 b5 21.Rc1 c5 22.b3 Ke6
23.Bc3 Rc8 24.f4 c4 25.Bb2 Bb4 26.bxc4 bxc4 27.Bd4 Ba3 28.Rc3 Bb2 29.Rc2 Bxd4
30.exd4 f5 31.Ke3 fxe4 32.Kxe4 Kd6  0-1

[Event "New York op"]
[Site "New York"]
[Date "1992.??.??"]
[Round "7"]
[White "Cherniak, L."]
[Black "Finegold, Benjamin"]
[Result "0-1"]
[WhiteElo "2420"]
[BlackElo "2465"]

1.d4 d5 2.c4 Nc6 3.Nc3 dxc4 4.Nf3 Nf6 5.Bg5 h6 6.Bxf6 exf6 7.e3 Na5 8.e4 Bd7
9.Nd2 b5 10.Qh5 g6 11.Qf3 Bg7 12.Be2 O-O 13.Qg3 f5 14.O-O Bxd4 15.Rad1 Bg7
16.exf5 gxf5 17.Nf3 Re8 18.Nd4 b4 19.Nd5 c5 20.Nc7 cxd4 21.Nxe8 Bxe8 22.Bf3 Rc8
23.Rfe1 Ba4 24.b3 cxb3 25.axb3 Bxb3 26.Rc1 Bc2 27.Bd1 d3  0-1

[Event "Hoogovens-B"]
[Site "Wijk aan Zee"]
[Date "1992.??.??"]
[Round "7"]
[White "Tukmakov, Vladimir B"]
[Black "Finegold, Benjamin"]
[Result "1-0"]
[WhiteElo "2535"]
[BlackElo "2465"]

1.d4 d5 2.c4 c6 3.Nf3 Nf6 4.Nc3 dxc4 5.a4 Bf5 6.e3 e6 7.Bxc4 Bb4 8.O-O Nbd7
9.Qe2 Bg6 10.e4 Bxc3 11.bxc3 Nxe4 12.Ba3 Nb6 13.Bb3 Nxc3 14.Qb2 Ne4 15.a5 Nd7
16.Ba4 Rb8 17.Rfe1 Qxa5 18.d5 Qc3 19.dxe6 fxe6 20.Rxe4 Qxb2 21.Rxe6+ Kd8
22.Bxb2  1-0

[Event "Hoogovens-B"]
[Site "Wijk aan Zee"]
[Date "1992.??.??"]
[Round "7"]
[White "Finegold, Benjamin"]
[Black "Wolff, Patrick G"]
[Result "1/2-1/2"]
[WhiteElo "2465"]
[BlackElo "2570"]

1.d4 Nf6 2.c4 g6 3.Nc3 d5 4.Bf4 Bg7 5.e3 c5 6.dxc5 Qa5 7.Rc1 dxc4 8.Bxc4 O-O
9.Nf3 Qxc5 10.Bb3 Nc6 11.O-O Qa5 12.h3 Qa6 13.Ne5 Nxe5 14.Bxe5 Be6  1/2-1/2

[Event "Hoogovens-B"]
[Site "Wijk aan Zee"]
[Date "1992.??.??"]
[Round "11"]
[White "Van Mil, Johannes A J"]
[Black "Finegold, Benjamin"]
[Result "1/2-1/2"]
[WhiteElo "2445"]
[BlackElo "2465"]

1.e4 e5 2.Bc4 Nf6 3.d3 Bc5 4.Nf3 d6 5.O-O O-O 6.c3 Bb6 7.Re1 c6 8.Bb3 Nbd7
9.h3 Re8 10.Nbd2 Nf8 11.d4 Ng6 12.Bc2 Bc7  1/2-1/2

[Event "Biel op"]
[Site "Biel"]
[Date "1993.??.??"]
[Round "1"]
[White "Finegold, Benjamin"]
[Black "Maxion, Dirk"]
[Result "1-0"]
[WhiteElo "2490"]
[BlackElo "2280"]

1.d4 Nf6 2.c4 g6 3.Nc3 Bg7 4.e4 d6 5.Nf3 O-O 6.Be2 Na6 7.O-O e5 8.Re1 exd4
9.Nxd4 Ng4 10.Bxg4 Bxg4 11.Qxg4 Bxd4 12.Be3 Bg7 13.Rad1 Qc8 14.Qh4 Qe6 15.Bh6 c6
16.e5 dxe5 17.Ne4 f6 18.Rd6 Qe7 19.f4 Rad8 20.Bxg7 Kxg7 21.fxe5 Qxe5 22.Red1 Rxd6
23.Nxd6 Qc5+ 24.Kf1 Rd8 25.Qf4 Kg8 26.Ke2 f5 27.a3 Qb6 28.Qe5 Qc7 29.Qe6+ Kf8
30.Qf6+ Kg8 31.Kf3 Nc5 32.Nxf5  1-0

[Event "Biel op"]
[Site "Biel"]
[Date "1993.??.??"]
[Round "2"]
[White "Lutz, Klaus Juergen"]
[Black "Finegold, Benjamin"]
[Result "1-0"]
[WhiteElo "2325"]
[BlackElo "2490"]

1.e4 c5 2.b4 d5 3.exd5 Qxd5 4.Nc3 Qe6+ 5.Be2 cxb4 6.Nb5 Qc6 7.a3 Bd7 8.c4 bxc3
9.Nxc3 e6 10.Rb1 Qc7 11.Bf3 Nc6 12.d4 Nf6 13.Nge2 a6 14.Bf4 Bd6 15.Bxd6 Qxd6
16.Rxb7 Qxa3 17.O-O Rc8 18.Ne4 Nxe4 19.Bxe4 Nd8 20.Rb3 Qd6 21.Nc3 f5 22.Bf3 O-O
23.Qa1 Qxd4 24.Rd1 Qc4 25.Ra3 Bc6 26.Be2 Qb4 27.Bxa6 Ra8 28.Ra2 Nf7 29.Bf1 Ng5
30.Ne2 Qg4 31.Rd3 Bxg2 32.Bxg2 Qxe2 33.Rd7 Qe1+ 34.Qxe1 Rxa2 35.h4 Ne4 36.Bxe4 fxe4
37.Qc3 Rf6 38.Qc8+ Rf8 39.Qc7  1-0

[Event "Chicago op"]
[Site "Chicago"]
[Date "1993.??.??"]
[Round "6"]
[White "Gurevich, Dmitry"]
[Black "Finegold, Benjamin"]
[Result "1/2-1/2"]
[WhiteElo "2495"]
[BlackElo "2490"]

1.Nf3 Nf6 2.c4 c6 3.Nc3 d5 4.e3 g6 5.d4 Bg7 6.Be2 O-O 7.O-O dxc4 8.Bxc4 Bg4
9.h3 Bxf3 10.Qxf3 Nbd7 11.Rd1 e5 12.d5 e4 13.Qf4 Qe7 14.dxc6 bxc6 15.Qc7 Qc5
16.Ba6 Ne5 17.Bd2 Qb6 18.Qxe5 Qxa6 19.Be1 Rab8 20.Rab1 Rfd8 21.Qc7 Nd5 22.Nxd5 cxd5
23.Rxd5 Rdc8 24.Qa5 Qxa5 25.Rxa5 Rxb2 26.Rxb2 Bxb2 27.Bb4 Rc7 28.g4 Kg7 29.Kg2 h6
30.h4 Bf6 31.g5 hxg5 32.hxg5 Be7 33.Bxe7 Rxe7 34.Kg3 Rb7 35.a4 Rc7 36.Re5 Rc4
37.a5 Ra4 38.Rc5 Ra2 39.Rb5 a6 40.Rc5 Rb2 41.Rc6 Rb5 42.Rxa6 Rxg5+ 43.Kh2 Rb5
44.Ra8 Rb2 45.Kg3 Ra2 46.a6 Kf6 47.Kf4 Rxf2+ 48.Kxe4 Ra2  1/2-1/2

[Event "Groningen op"]
[Site "Groningen"]
[Date "1993.??.??"]
[Round "2"]
[White "Jonkman, Harmen"]
[Black "Finegold, Benjamin"]
[Result "0-1"]
[WhiteElo "2345"]
[BlackElo "2490"]

1.e4 c5 2.c3 d5 3.exd5 Qxd5 4.d4 Nf6 5.Nf3 Bg4 6.Be2 e6 7.h3 Bh5 8.O-O Nc6
9.Be3 cxd4 10.cxd4 Be7 11.Nc3 Qd6 12.a3 O-O 13.Qb3 Rad8 14.Rfd1 Nd5 15.Nxd5 Qxd5
16.Qxd5 Rxd5 17.g4 Bg6 18.Ne5 Nxe5 19.dxe5 Rxe5 20.Rd7 Bg5 21.Bxg5 Rxe2 22.Rxb7 Be4
23.Rb5 f5 24.Be7 Rc8 25.Rc5 Re8 26.Rc7 fxg4 27.hxg4 Bf3 28.Bb4 Re4 29.Kh2 Rxg4
30.Rg1 Rxg1 31.Kxg1 h5 32.Kh2 a6 33.Kg3 Be2 34.f4 e5 35.fxe5 g5 36.Bc3 Re6
37.Kf2 Bb5 38.Kf3 Bc6+ 39.Kg3 Be4 40.Rd7 Bf5 41.Rd6 Kf7 42.Rxe6 Bxe6 43.b4 h4+
44.Kh2 Bd7 45.Bd2 Kg6 46.Be3 Kf5 47.Bd2 g4 48.Be1 g3+ 49.Bxg3 hxg3+ 50.Kxg3 Kxe5
51.Kf3 Kd4 52.Ke2 Kc3 53.Kd1 Kb2 54.Kd2 Ba4 55.Kd3 Kxa3 56.Kc3 Bb3 57.Kd2 Kb2
58.Kd3 Bf7 59.Kd2 Bg6 60.Kd1 Bf5 61.Kd2 Bc2  0-1

[Event "Groningen op"]
[Site "Groningen"]
[Date "1993.??.??"]
[Round "3"]
[White "Finegold, Benjamin"]
[Black "Lukasiewicz, Grzegorz"]
[Result "1-0"]
[WhiteElo "2490"]
[BlackElo "2350"]

1.d4 d5 2.c4 c6 3.Nc3 Nf6 4.Nf3 e6 5.Bg5 h6 6.Bxf6 Qxf6 7.e3 Nd7 8.Qc2 Qd8
9.Be2 Be7 10.O-O-O a6 11.Kb1 b5 12.c5 b4 13.Na4 a5 14.g4 Ba6 15.Bxa6 Rxa6
16.h4 g6 17.g5 h5 18.Ne1 Bf8 19.f4 Bg7 20.e4 dxe4 21.Qxe4 b3 22.a3 O-O 23.Nf3 Qc7
24.Ne5 Rb8 25.Rhe1 Bxe5 26.dxe5 Rb5 27.Qd4 Ra7 28.Rd3 Rab7 29.Red1 Qb8 30.Qc3 Qa7
31.Qd2 Nxc5 32.Rd8+ Kg7 33.Nc3 Rb4 34.Qd6 Re7 35.axb4 axb4 36.Qb8 Qxb8 37.Rxb8 bxc3
38.bxc3  1-0

[Event "Groningen op"]
[Site "Groningen"]
[Date "1993.??.??"]
[Round "4"]
[White "Frolov, Artur"]
[Black "Finegold, Benjamin"]
[Result "1-0"]
[WhiteElo "2535"]
[BlackElo "2490"]

1.e4 c5 2.Nf3 d6 3.d4 cxd4 4.Nxd4 Nf6 5.Nc3 Nc6 6.Bc4 Qb6 7.Nb3 e6 8.O-O Be7
9.Be3 Qc7 10.Bd3 a6 11.f4 b5 12.Qf3 Bb7 13.Qh3 Rc8 14.Rae1 Nb4 15.Nd4 Nxd3
16.cxd3 b4 17.Nce2 Qa5 18.g4 h5 19.g5 Ng4 20.g6 fxg6 21.Nxe6 Qxa2 22.f5 gxf5
23.Nxg7+ Kd7 24.Nxf5 Rcg8 25.Nxe7 Kxe7 26.Ng3 Qe6 27.Qh4+ Kd7 28.Bd4 Rh7
29.Rf5 Qg6 30.Ref1 Kc7 31.Rf8 Rxf8 32.Rxf8 Rd7 33.Qxh5 Qxh5 34.Nxh5 Ne5 35.Nf6 Nf3+
36.Kf2 Nxd4 37.Nxd7 Kxd7 38.Rf7+ Kc6 39.h4 Bc8 40.h5 Be6 41.Rg7  1-0

[Event "Groningen op"]
[Site "Groningen"]
[Date "1993.??.??"]
[Round "5"]
[White "Finegold, Benjamin"]
[Black "Suetin, Alexey S"]
[Result "1-0"]
[WhiteElo "2490"]
[BlackElo "2380"]

1.d4 d5 2.c4 dxc4 3.e3 Nf6 4.Bxc4 e6 5.Nf3 c5 6.O-O a6 7.Qe2 b5 8.Bb3 Bb7
9.Rd1 Nbd7 10.Nc3 Qc7 11.d5 exd5 12.e4 dxe4 13.Ng5 c4 14.Ncxe4 Nxe4 15.Nxe4 O-O-O
16.Bc2 Qc6 17.Qg4 h5 18.Qh3 Qg6 19.Nd6+ Qxd6 20.Rxd6 Bxd6 21.Bg5 f6 22.Rd1 Kc7
23.Bd2 b4 24.Qe6 Ne5 25.Ba4 Bc8 26.Qd5 Bb7 27.Qa5+ Kc8 28.Be3 Ng4 29.Rxd6  1-0

[Event "Groningen op"]
[Site "Groningen"]
[Date "1993.??.??"]
[Round "7"]
[White "Finegold, Benjamin"]
[Black "Michelakis, George"]
[Result "0-1"]
[WhiteElo "2490"]
[BlackElo "2355"]

1.d4 Nf6 2.c4 g6 3.Nc3 Bg7 4.e4 d6 5.Be2 O-O 6.Nf3 e5 7.O-O Nc6 8.d5 Ne7
9.b4 Nh5 10.g3 f5 11.Ng5 Nf6 12.f3 f4 13.Kg2 c6 14.b5 c5 15.Qd3 Ne8 16.Ne6 Bxe6
17.dxe6 Nc7 18.Rd1 Nc8 19.e7 Qxe7 20.Nd5 Nxd5 21.Qxd5+ Kh8 22.g4 Bf6 23.a4 Bh4
24.a5 Rb8 25.Bb2 Rf6 26.a6 Nb6 27.Qd3 h5 28.axb7 Rxb7 29.h3 Re6 30.Rh1 Bg3
31.h4 Bxh4 32.Bc3 Bg3 33.Ra6 Kg7 34.Ba5 Nd7 35.Rc6 Nf6 36.Rc8 Qf7 37.Bd8 Nh7
38.g5 Rd7 39.Qd5 Re8 40.Qa8 Qf8 41.Ra1 Rexd8 42.Rxa7 Rxa7 43.Qxa7+ Kg8 44.Rc7 Nxg5
45.b6 Ne6 46.Bf1 Nxc7 47.bxc7 Rc8 48.Qb7 Qe8 49.Kg1 Qd7 50.Bh3 Qxh3 51.Qd5+ Kh8
52.Qxe5+ Kh7  0-1

[Event "New York op"]
[Site "New York"]
[Date "1993.??.??"]
[Round "1"]
[White "Finegold, Benjamin"]
[Black "Gonzalez Garcia, Jose"]
[Result "1/2-1/2"]
[WhiteElo "2490"]
[BlackElo "2330"]

1.d4 Nf6 2.c4 g6 3.Nc3 Bg7 4.e4 d6 5.Nf3 O-O 6.Be2 e5 7.O-O Nc6 8.d5 Ne7
9.b4 a5 10.Ba3 axb4 11.Bxb4 b6 12.a4 Nh5 13.a5 bxa5 14.Bxa5 Nf4 15.Ra2 Ra7
16.g3 Nxe2+ 17.Qxe2 Bg4 18.Qe3 Rb7 19.c5 dxc5 20.Nd2 f5 21.Nc4 Qd7 22.Qxc5 fxe4
23.Ne3 Bf3 24.Qc4 Kh8 25.Nxe4 Qb5 26.Qxb5 Rxb5 27.Nc3 Rb3 28.Rc1 Ra8 29.Ra4 Ra7
30.Rb4 Rxb4 31.Bxb4 Nf5 32.Nb5 Rb7 33.Rxc7 Rxb5 34.Rc8+ Bf8 35.Bxf8 Rb1+
36.Nf1 Kg8 37.Ba3+ Kf7 38.Rc7+ Kf6 39.Rc6+ Kf7 40.Rc7+ Kf6 41.Rc6+  1/2-1/2

[Event "New York op"]
[Site "New York"]
[Date "1993.??.??"]
[Round "2"]
[White "Rigo, Janos"]
[Black "Finegold, Benjamin"]
[Result "0-1"]
[WhiteElo "2355"]
[BlackElo "2490"]

1.e4 c5 2.Nf3 Nc6 3.d4 cxd4 4.Nxd4 Nf6 5.Nc3 d6 6.Bc4 Qb6 7.Nxc6 bxc6 8.O-O g6
9.Qe2 Bg4 10.Qd3 Bg7 11.Be3 Qxb2 12.Rab1 Qa3 13.Rb7 Qa5 14.e5 dxe5 15.Ne4 O-O
16.Rxe7 Nd5 17.Rb7 Bf5 18.Bd2 Qd8 19.f3 Bc8 20.Rb3 Nb6 21.Qxd8 Rxd8 22.Ba5 Rd4
23.Bd3 f5 24.Nf2 Nd7 25.Ra3 Bf8 26.Rc3 Nc5 27.Bc4+ Rxc4 28.Rxc4 Ba6 29.Rc3 Bxf1
30.Kxf1 Rc8 31.Re3 Re8 32.Bc7 e4 33.fxe4 fxe4 34.Ba5 Bh6 35.Rc3 Nb7 36.Bc7 Bd2
37.Rc4 e3 38.Ne4 Re7 39.Bg3 Nc5 40.Nf6+ Kg7 41.Ke2 Kxf6 42.Rxc5 Re6 43.Bh4+ Kf7
44.Bg5 Ke8 45.Rc4 a5 46.Rd4 Re5 47.Rd8+ Kf7 48.h4 Rc5 49.Rd7+ Ke6 50.Re7+ Kd5
51.Kd1 Rc4 52.g3 Re4 53.Rxe4 Kxe4 54.Ke2 h5 55.Bh6 Bc1 56.Bg5 Kd4 57.Bd8 a4
58.Ba5 Bd2 59.Bxd2 exd2 60.Kxd2 c5 61.Kc1 Kc3 62.Kb1 a3 63.Kc1 c4  0-1

[Event "New York op"]
[Site "New York"]
[Date "1993.??.??"]
[Round "4"]
[White "Hess, Ralf"]
[Black "Finegold, Benjamin"]
[Result "0-1"]
[WhiteElo "2390"]
[BlackElo "2490"]

1.d4 d5 2.c4 Nc6 3.Nf3 Bg4 4.Nc3 Bxf3 5.gxf3 e6 6.cxd5 exd5 7.Bf4 Bd6 8.Bg3 Nge7
9.e3 Qd7 10.a3 a6 11.Rc1 O-O 12.Bd3 f5 13.Bxd6 Qxd6 14.f4 b5 15.Nb1 Rae8
16.Kf1 Ng6 17.Be2 Re6 18.Rc5 Na5 19.Nd2 Rfe8 20.Bh5 Nc4 21.Nxc4 bxc4 22.Bxg6 hxg6
23.b3 Rxe3 24.fxe3 Rxe3 25.Kg2 Qxf4 26.Rf1 Qe4+ 27.Kg1 cxb3 28.Rxc7 Re2 29.Rf2 Qg4+  0-1

[Event "New York op"]
[Site "New York"]
[Date "1993.??.??"]
[Round "6"]
[White "Finegold, Benjamin"]
[Black "West, James R"]
[Result "1-0"]
[WhiteElo "2490"]
[BlackElo "2205"]

1.d4 Nf6 2.c4 g6 3.Nc3 Bg7 4.e4 d6 5.Be2 O-O 6.Nf3 e5 7.O-O Nc6 8.d5 Ne7
9.b4 Nh5 10.g3 f5 11.Ng5 Nf6 12.f3 c6 13.b5 h6 14.Ne6 Bxe6 15.dxe6 fxe4 16.fxe4 Qb6+
17.Kg2 Qd4 18.Bb2 Qe3 19.Rf3 Ng4 20.Qe1 Rxf3 21.Bxf3 Qxe1 22.Rxe1 Nf6 23.Rd1 Nc8
24.c5 dxc5 25.Rd8+ Kh7 26.e7 Nb6 27.Na4 Nxa4 28.Rxa8 Nxb2 29.Rf8 cxb5 30.Rxf6 Bxf6
31.e8=Q b4 32.Qf7+ Bg7 33.Qb3 a5 34.Be2 c4 35.Bxc4 Nxc4 36.Qxc4  1-0

[Event "US op"]
[Site "Philadelphia"]
[Date "1993.??.??"]
[Round "?"]
[White "Finegold, Benjamin"]
[Black "Colding, Ernest"]
[Result "1-0"]
[WhiteElo "2490"]
[BlackElo "2250"]

1.d4 Nf6 2.c4 g6 3.Nc3 Bg7 4.Nf3 O-O 5.Bf4 d6 6.e3 Nc6 7.Be2 h6 8.h3 Nd7
9.d5 Nce5 10.Rc1 c5 11.e4 a6 12.a4 f5 13.exf5 Rxf5 14.Be3 Nxf3+ 15.Bxf3 Ne5
16.Be2 g5 17.h4 g4 18.Qd2 Qf8 19.Ne4 Bd7 20.b3 Rb8 21.Ng3 Rf6 22.a5  1-0

[Event "World op"]
[Site "Philadelphia"]
[Date "1993.??.??"]
[Round "?"]
[White "Gelman, Geoffrey"]
[Black "Finegold, Benjamin"]
[Result "0-1"]
[WhiteElo "2220"]
[BlackElo "2490"]

1.e4 c5 2.Nf3 Nc6 3.d4 cxd4 4.Nxd4 Nf6 5.Nc3 d6 6.Bc4 Qb6 7.Ndb5 a6 8.Na3 e6
9.O-O Be7 10.Bb3 Qc7 11.Bf4 b5 12.Naxb5 axb5 13.Nxb5 Qd7 14.Re1 e5 15.Bg5 Bb7
16.Bxf6 gxf6 17.Qh5 Nd8 18.a4 Bxe4 19.Nxd6+ Bxd6 20.Rxe4 Ne6 21.Qf3 Ke7 22.Bxe6 Qxe6
23.a5  0-1

[Event "US op"]
[Site "Philadelphia"]
[Date "1993.??.??"]
[Round "?"]
[White "Finegold, Benjamin"]
[Black "Adams, Mark"]
[Result "1-0"]
[WhiteElo "2490"]
[BlackElo "2630"]

1.d4 d5 2.c4 e6 3.Nc3 Nf6 4.Bg5 Be7 5.e3 O-O 6.Nf3 h6 7.Bxf6 Bxf6 8.Qd2 Re8
9.Rd1 b6 10.Bd3 dxc4 11.Bxc4 Ba6 12.Qe2 Qc8 13.O-O Bxc4 14.Qxc4 Qb7 15.e4 Nd7
16.e5 Be7 17.d5 exd5 18.Nxd5 c6 19.Nf4 b5 20.Qc2 Bg5 21.Qf5 Re7 22.Nxg5 hxg5
23.e6 gxf4 24.Rxd7 Rxd7 25.exd7 Rd8 26.Rd1 c5 27.Qe5 Qc6 28.Qe7 Qc7 29.Qe8+ Kh7
30.Qxf7 a6 31.Rd5  1-0